000
00319nam a22001457a 4500
008
230531b ||||| |||| 00| 0 eng d
020
_a
9780132283861
041
_a
eng
080
_a
615
082
_a
615NRA
100
_a
16
101
_a
EGZM
245
_a
NUTRITION COMPETENCY GUIDE
_c
NRAEF M F
942
_2
udc
_c
BK
999
_c
59885
_d
59885